| 000 | 00588nam a2200169 i 4500 | ||
|---|---|---|---|
| 001 | 69935 | ||
| 003 | ES-MaACL | ||
| 005 | 20230906170652.0 | ||
| 007 | t| | ||
| 008 | 040713s1972 sp ||||1| spa d | ||
| 100 | 1 |
_aGarcía Manrique, Eusebio. _954881 |
|
| 245 | 1 | 4 |
_aLos cultivos subtropicales de la costa granadina / _cEusebio García Manrique. |
| 260 |
_aGranada : _bUniversidad de Granada, Facultad de Letras, _c[1972] |
||
| 300 |
_a160 p., 10 lám. : _bmap. pleg. ; _c24 cm. |
||
| 710 | 2 |
_aUniversidad de Granada. _bFacultad de Letras. _97184 |
|
| 852 |
_aES-MaACL _jC-43036 _bR.82703 |
||
| 999 |
_c69935 _d69935 |
||